La costumbre en el derecho argentino

Bibliographic Details
Main Author: Galati, Elvio
Format: eBook
Language:Spanish
Published: Barcelona: Editorial vLex, 2015
Subjects:
Online Access:Acceso restringido

MARC

LEADER 00000nam a22000007a 4500
005 20170606224311.0
007 cr|||| ||||
008 170606s2015 ar |||||s|||| 00||0 spa d
020 |a 978-987-723-025-3 
035 |a 20313 
040 |a vLex 
090 |c 6752  |d 6752 
100 1 |a Galati, Elvio 
245 1 2 |a La costumbre en el derecho argentino  |h [Recurso electrn̤ico] /  |c Elvio Galati 
256 |a Servicio en ln̕ea 
260 |a Barcelona:  |b Editorial vLex,  |c 2015 
300 |a 1 recurso electrn̤ico (484 p.) 
500 |a Anl̀isis jusfilosf̤ico y trialista de la “razn̤” del pueblo. 
506 1 |a Disponible solo en los productos indicados  |d vLex Global  |d vLex Global (Academic Edition, excluding Law Schools)  |d vLex Global (U.S. Academic Edition, Law Schools)  |d vLex Global (U.S. Academic Edition, excluding Law Schools)  |d vLex Global (Academic Edition, Law Schools) 
650 0 4 |a Ciencias sociales  |z Argentina 
740 0 |a vLex Libros (Servicio en ln̕ea) 
856 4 0 |u http://vlex.com/source/costumbre-derecho-argentino-20313  |z Acceso restringido 
942 |c BOOK 
999 0 |a Social Sciences